Контекстное обучение высшей математике в техническом вузе; Альманах мировой науки; № 1-2 (4)

Bibliografiset tiedot
Parent link:Альманах мировой науки: научный журнал.— , 2015-
№ 1-2 (4).— 2016.— [С. 119-122]
Päätekijä: Корытов И. В. Игорь Витальевич
Yhteisötekijä: Национальный исследовательский Томский политехнический университет Физико-технический институт Кафедра высшей математики и математической физики
Muut tekijät: Корытова Г. С. Галина Степановна
Yhteenveto:Заглавие с экрана
Режим доступа: по договору с организацией-держателем ресурса
Kieli:venäjä
Julkaistu: 2016
Aiheet:
Linkit:http://elibrary.ru/item.asp?id=25622936
Aineistotyyppi: MixedMaterials Elektroninen Kirjan osa
KOHA link:https://koha.lib.tpu.ru/cgi-bin/koha/opac-detail.pl?biblionumber=647427

MARC

LEADER 00000naa0a2200000 4500
001 647427
005 20250210155915.0
035 |a (RuTPU)RU\TPU\network\12567 
035 |a RU\TPU\network\11459 
090 |a 647427 
100 |a 20160409d2016 k||y0rusy50 ca 
101 0 |a rus 
102 |a RU 
135 |a drcn ---uucaa 
181 0 |a i  
182 0 |a b 
200 1 |a Контекстное обучение высшей математике в техническом вузе  |f И. В. Корытов, Г. С. Корытова 
203 |a Текст  |c электронный 
300 |a Заглавие с экрана 
320 |a [Библиогр.: с. 122 (9 назв.)] 
333 |a Режим доступа: по договору с организацией-держателем ресурса 
461 |t Альманах мировой науки  |o научный журнал  |d 2015- 
463 |t № 1-2 (4)  |v [С. 119-122]  |d 2016 
610 1 |a электронный ресурс 
610 1 |a труды учёных ТПУ 
610 1 |a высшая математика 
610 1 |a технические вузы 
700 1 |a Корытов  |b И. В.  |c математик  |c доцент Томского политехнического университета, кандидат физико-математических наук  |f 1961-  |g Игорь Витальевич  |3 (RuTPU)RU\TPU\pers\31396  |9 15568 
701 1 |a Корытова  |b Г. С.  |g Галина Степановна 
712 0 2 |a Национальный исследовательский Томский политехнический университет  |b Физико-технический институт  |b Кафедра высшей математики и математической физики  |3 (RuTPU)RU\TPU\col\18728  |9 27176 
801 2 |a RU  |b 63413507  |c 20160409  |g RCR 
856 4 0 |u http://elibrary.ru/item.asp?id=25622936 
942 |c CF